000 00270nam a2200121Ia 4500
008 191201s2011 xx 000 0 und d
100 _aSASIKUMAR, V
245 0 _aSpoken English
250 _aRep
260 _c2011
_bTMH
_aNEW DELHI
300 _a281
942 _2ddc
_cBK
_05
999 _c8058
_d8058